Frankenstein / (Record no. 49399)
| 000 -LEADER | |
|---|---|
| fixed length control field | 00348nam a2200121 4500 |
| 020 ## - INTERNATIONAL STANDARD BOOK NUMBER | |
| International Standard Book Number | 9781474927857 |
| 100 ## - MAIN ENTRY--PERSONAL NAME | |
| Personal name | Mackinnon, Mairi |
| 9 (RLIN) | 48930 |
| 245 ## - TITLE STATEMENT | |
| Title | Frankenstein / |
| Statement of responsibility, etc | Mairi Mackinnon & Daniele Dickmann |
| 260 ## - PUBLICATION, DISTRIBUTION, ETC. (IMPRINT) | |
| Place of publication, distribution, etc | London |
| Name of publisher, distributor, etc | Usborne Publishing |
| Date of publication, distribution, etc | 2018 |
| 300 ## - PHYSICAL DESCRIPTION | |
| Extent | 47 p. |
| Other physical details | col. ill. |
| Dimensions | 24 cm. |
| 490 ## - SERIES STATEMENT | |
| Series statement | Usborne English Readers |
| 942 ## - ADDED ENTRY ELEMENTS (KOHA) | |
| Source of classification or shelving scheme | |
| Koha item type | Book |
| Withdrawn status | Lost status | Source of classification or shelving scheme | Damaged status | Not for loan | Home library | Current library | Shelving location | Date acquired | Total Checkouts | Full call number | Barcode | Checked out | Date last seen | Date checked out | Price effective from | Koha item type |
|---|---|---|---|---|---|---|---|---|---|---|---|---|---|---|---|---|
| Asian Hope Early Years Library | Asian Hope Early Years Library | Easy Reading | 08/22/2025 | 4 | X MAC | 208560 | 04/22/2026 | 04/22/2026 | 04/22/2026 | 08/22/2025 | Book |